Teuerste Abgänge von Ajax Amsterdam - Statistiken

Allgemein
  • Dieses Quiz wurde 39 mal gespielt
  • Das Durchschnittsergebnis liegt bei 6 aus 15
Antwortstatistiken
Hint Antwort % Korrekt
2 Frenkie De Jong
97%
3 Mathijs De Ligt
97%
1 Anton
67%
9 Donny van de Beek
58%
8 Hakim Ziyech
55%
13 Klaas-Jan Huntelaar
36%
12 Sebastien Haller
30%
4 Lisandro Martinez
24%
14 Davy Klaassen
21%
7 Jurrien Timber
21%
15 Wesley Sneijder
18%
6 Davinson Sanchez
9%
10 Edson Alvarez
9%
5 Mohammed Kudus
9%
11 Arkadiusz Milik
6%
Keine übereinstimmenden Quizze gefunden
Verteilung der Resultate
Anzahl Personen mit jedem Resultat
Perzentil nach korrekt beantworteten Fragen
Ihre Resultats-Entwicklung
Sie haben dieses Quiz noch nicht gespielt